Épidémiologie des défenestrations à Paris (notice n° 1533782)
[ vue normale ]
| 000 -LEADER | |
|---|---|
| fixed length control field | 00656cam a2200193 4500500 |
| 005 - DATE AND TIME OF LATEST TRANSACTION | |
| control field | 20251012015928.0 |
| 041 ## - LANGUAGE CODE | |
| Language code of text/sound track or separate title | fre |
| 042 ## - AUTHENTICATION CODE | |
| Authentication code | dc |
| 100 10 - MAIN ENTRY--PERSONAL NAME | |
| Personal name | Masson, C. |
| Relator term | author |
| 245 00 - TITLE STATEMENT | |
| Title | Épidémiologie des défenestrations à Paris |
| 260 ## - PUBLICATION, DISTRIBUTION, ETC. | |
| Date of publication, distribution, etc. | 2025.<br/> |
| 500 ## - GENERAL NOTE | |
| General note | 61 |
| 700 10 - ADDED ENTRY--PERSONAL NAME | |
| Personal name | Allard, M.-A. |
| Relator term | author |
| 700 10 - ADDED ENTRY--PERSONAL NAME | |
| Personal name | Neff, E. |
| Relator term | author |
| 700 10 - ADDED ENTRY--PERSONAL NAME | |
| Personal name | Abgrall, G. |
| Relator term | author |
| 700 10 - ADDED ENTRY--PERSONAL NAME | |
| Personal name | Adnet, F. |
| Relator term | author |
| 786 0# - DATA SOURCE ENTRY | |
| Note | Annales françaises de médecine d’urgence | 15 | 4 | 2025-07-08 | p. 223-228 | 2108-6524 |
| 856 41 - ELECTRONIC LOCATION AND ACCESS | |
| Uniform Resource Identifier | <a href="https://shs.cairn.info/revue-annales-francaises-de-medecine-durgence-2025-4-page-223?lang=fr&redirect-ssocas=7080">https://shs.cairn.info/revue-annales-francaises-de-medecine-durgence-2025-4-page-223?lang=fr&redirect-ssocas=7080</a> |
Pas d'exemplaire disponible.




Réseaux sociaux